| 000 | 00654nam a2200241 a 4500 | ||
|---|---|---|---|
| 001 | 0001-1040 | ||
| 003 | ELIB.Books | ||
| 008 | 141118 2010 eng | ||
| 020 | _a891883138 | ||
| 035 | _a(ELIB.Books)0001-1194 | ||
| 092 |
_a322 _bKat |
||
| 100 | _aKato, Hiroshi. | ||
| 245 |
_aAre They Telling Us the Truth? _bBrutality Beyong Belief- |
||
| 260 |
_aTokyo _bLife Funds for North Korea Refugees _c2003 |
||
| 300 |
_a263 _c22.5 Cm |
||
| 650 | _aSocial/ Human Rights | ||
| 710 | _aKim, Sang Hun. | ||
| 856 |
_nKBTS; Library _uKBTS; Elib. |
||
| 942 |
_2ddc _cBK |
||
| 990 | _a1 | ||
| 998 |
_cbat _e2014-11-18 |
||
| 999 |
_c11040 _d11040 |
||